Tuyển tập Mác Ăng-ghen.Tập5(Tuyển tập gồm 6 tập) /

Αποθηκεύτηκε σε:
Λεπτομέρειες βιβλιογραφικής εγγραφής
Κύριος συγγραφέας: Các Mác
Άλλοι συγγραφείς: Phri-đrích Ăng-ghen
Μορφή: Βιβλίο
Γλώσσα:Vietnamese
Έκδοση: H. : Sự thật , 1983
Θέματα:
Ετικέτες: Προσθήκη ετικέτας
Δεν υπάρχουν, Καταχωρήστε ετικέτα πρώτοι!
Thư viện lưu trữ: Thư viện Trường CĐ Kỹ Thuật Cao Thắng
LEADER 00717nam a2200217 a 4500
001 TVCDKTCT2264
003 Thư viện trường Cao đẳng Kỹ thuật Cao Thắng
005 20050815000000
008 050815
980 \ \ |a Thư viện Trường CĐ Kỹ Thuật Cao Thắng 
024 |a RG_1 #1 eb0 i1 
041 0 # |a vie 
082 # # |a 335.402 /   |b C101M-t 
100 1 # |a Các Mác 
245 0 0 |a Tuyển tập Mác Ăng-ghen.Tập5(Tuyển tập gồm 6 tập) /  |c Các Mác, Phri-đrích Ăng-ghen 
260 # # |a H. :  |b Sự thật ,  |c 1983 
300 # # |a 755tr. ;  |c 19cm 
650 # 4 |a Tuyển tập 
650 # 4 |a Các Mác 
650 # 4 |a Ăngghen 
700 0 # |a Phri-đrích Ăng-ghen